000 00716cam a2200265 4500
999 _c20287
_d20287
001 2659376
003 BDDh-ASL
005 20231015025852.0
008 720921t19791966mau b 001 0 eng
010 _a 72001917
020 _a0807011312
040 _aDLC
_cDLC
_dDLC
_dBDDh-ASL
050 0 0 _aBP165
_b.N28 1972
082 0 0 _a297
_bSEI
100 1 _aNasr, Seyyed Hossein.
245 1 0 _aIdeals and realities of Islam/
260 _aLondon:
_bUnwin Paperbcks,
_c[1979, c1966]
300 _axv, 188 p.
_c21 cm.
350 _a$3.95
490 0 _aBeacon paperback,
_v439
504 _aIncludes bibliographies.
650 0 _aIslam.
906 _a7
_bcbu
_corignew
_d2
_eocip
_f19
_gy-gencatlg
942 _2ddc
_cBK